| 000 | 00000nam 2200000zi 4500 |
| 001 | 9.945287 |
| 003 | CaOODSP |
| 005 | 20241118144332 |
| 006 | m o d f |
| 007 | cr mn||||||||| |
| 008 | 241118s1971 onc o f000 0 fre d |
| 040 | |aCaOODSP|bfre|erda|cCaOODSP |
| 043 | |an-cn--- |
| 086 | 1 |aCo41-1/7CF-PDF|zCo41-1/7CF |
| 245 | 00|aRapport sur les relations entre le ministère des Communications et les sociétés exploitantes de télécommunications. |
| 246 | 34|aRelations entre le ministère des Communications et les sociétés exploitantes de télécommunications |
| 264 | 1|aOttawa : |bMinistère des communications, |c1971. |
| 300 | |a1 ressource en ligne (13 pages). |
| 336 | |atexte|btxt|2rdacontent/fre |
| 337 | |ainformatique|bc|2rdamedia/fre |
| 338 | |aressource en ligne|bcr|2rdacarrier/fre |
| 490 | 1 |aTélécommission étude ; |v7(c) |
| 500 | |aPublié aussi en anglais sous le titre : Report on the relationship between the Department of Communications and the telecommunications carriers. |
| 500 | |aÉdition numérisée de l'imprimé [par Innovation, sciences et développement économique Canada]. |
| 650 | 6|aTélécommunications|xPolitique gouvernementale|zCanada. |
| 710 | 1 |aMinistère des communications, |eorganisme de publication. |
| 775 | 08|tReport on the relationship between the Department of Communications and the telecommunications carriers.|w(CaOODSP)9.945285 |
| 830 | #0|aTélécommission étude ;|v7(c).|w(CaOODSP)9.927948 |
| 856 | 40|qPDF|s958 Ko|uhttps://publications.gc.ca/collections/collection_2024/isde-ised/co41-1/Co41-1-7C-fra.pdf |